Non-linear analysis of pounding-involved response of equal height buildings under earthquake excitation / (Rekord nr 54231)
| 000 -ETYKIETA REKORDU | |
|---|---|
| podpole kontrolne o stałej długości | 01001nam a2200289 i 4500 |
| 001 - NUMER KONTROLNY REKORDU | |
| pole kontrolne | bg |
| 015 ## - NUMER BIBLIOGRAFII NARODOWEJ | |
| Numer bibliografii narodowej | PB 6433/2007 |
| 020 ## - MIĘDZYNARODOWY ZNORMALIZOWANY NUMER KSIĄŻKI - ISBN | |
| ISBN | 9788373481763 |
| 040 ## - ŹRÓDŁO KATALOGOWANIA | |
| Instytucja, która utworzyła rekord | BPK |
| 041 0# - KOD JĘZYKA | |
| Kod języka tekstu | eng |
| Kod języka streszczenia lub abstraktu | pol |
| 044 ## - KOD KRAJU WYDAWCY/PRODUCENTA | |
| Kod kraju wydawcy/producenta | POL |
| 080 ## - UNIWERSALNA KLASYFIKACJA DZIESIĘTNA - UKD | |
| UKD | 624.01/.07:550.34:519.86 |
| 920 ## - Międzynarodowy znormalizowany numer książki – ISBN | |
| ISBN | 978-83-7348-176-3 |
| 008 - POLE O STAŁEJ DŁUGOŚCI - DANE KONTROLNE | |
| podpole kontrolne o stałej długości | 080313s2007 pl a |000 0 eng |
| 100 1# - NAZWA OSOBOWA | |
| Nazwa osobowa | Jankowski, Robert |
| Daty związane z nazwą | (1968- ). |
| 245 10 - TYTUŁ/ODPOWIEDZIALNOŚĆ | |
| Tytuł | Non-linear analysis of pounding-involved response of equal height buildings under earthquake excitation / |
| Pozostałe elementy strefy tytułu i oznaczenia odpowiedzialności | Robert Jankowski ; Gdansk University of Technology. |
| 260 ## - STREFA ADRESU WYDAWNICZEGO | |
| Miejsce wydania | Gdańsk : |
| Nazwa wydawcy/dystrybutora | Wydawnictwo Politechniki Gdańskiej, |
| Data publikacji, dystrybucji/powstania dokumentu | 2007. |
| 300 ## - STREFA OPISU FIZYCZNEGO | |
| Objętość | 139, [1] s. : |
| Inne cechy fizyczne | il. ; |
| Rozmiary | 24 cm. |
| 490 1# - STREFA SERII I DOKUMENTU WIELOCZĘŚCIOWEGO - FORMA NIE DO WYSZUKIWANIA | |
| Tytuł i oznaczenie odpowiedzialności serii | Monografie / Politechnika Gdańska ; |
| Numeracja w obrębie serii | 79 |
| 504 ## - UWAGA DOTYCZĄCA BIBLIOGRAFII | |
| Informacje o bibliografii | Bibliogr. s. 128-136. |
| 546 ## - UWAGA O JĘZYKU | |
| Uwaga o języku | Streszcz. pol. |
| 650 #9 - HASŁO PRZEDMIOTOWE W FORMIE NAZWY OGÓLNEJ LUB JEDNOSTKOWEJ | |
| Nazwa ogólna lub geograficzna | Budownictwo |
| Określnik ogólny | mechanika |
| -- | modele matematyczne |
| 650 #9 - HASŁO PRZEDMIOTOWE W FORMIE NAZWY OGÓLNEJ LUB JEDNOSTKOWEJ | |
| Nazwa ogólna lub geograficzna | Trzęsienie ziemi |
| Określnik ogólny | a budownictwo |
| 830 #0 - HASŁO DODATKOWE SERII LUB DOKUMENTU WIELOCZĘŚCIOWEGO - TYTUŁ UJEDNOLICONY | |
| Tytuł ujednolicony | Monografie - Politechnika Gdańska |
| Oznaczenie tomu | 79 |
| 856 ## - LOKALIZACJA I DOSTĘP DO ELEKTRONICZNYCH DOKUMENTÓW ZDALNYCH | |
| Link (URL) | http://koha.tu.koszalin.pl/cgi-bin/koha/opac-detail.pl?biblionumber=54231 |
| Tekst linku | Katalog online BPK |
| 942 ## - DODATKOWE ELEMENTY (KOHA) | |
| Typ dokumentu | Książka |
| Wycofany | Status egzemplarza | Uszkodzony | Dostępność | Lokalizacja stała | Lokalizacja bieżąca | Miejsce przechowywania | Sygnatura | Kod kreskowy | Typ dokumentu |
|---|---|---|---|---|---|---|---|---|---|
| Dostępny | Biblioteka Politechniki Koszalińskiej | Biblioteka Politechniki Koszalińskiej | Wypożyczalnia BG | 85251 | 02382678 | Książka |
